000 00449nam a2200181Ia 4500
005 20240913125317.0
008 240913s9999||||xx |||||||||||||| ||und||
020 _a0 47136696X
041 _aENGLISH
082 _A621.3815 P3
100 _aComer,David J
245 0 _aFundamentals of Electronic Circuit Design
250 _a1st
260 _c2003
_bJohn Wiley ,New
500 _aREFERENCE
650 _aCircuits
_bElectronics
942 _cREF
999 _c245276
_d245276